000 01043cam a22003257a 4500
003 CHAP
005 20220329142333.0
008 000815d1994 es a r 00110 esp d
010 _a81978
011 _a82950
020 _a8428310858
035 _a93457
040 _cCHAP
082 0 4 _a550
_bM45 1994
100 0 0 _aMeléndez Hevia, Alfonso.
_974410
245 1 0 _aGeología
_c/por Alfonso Meléndez Hevia y Fernando Meléndez Hevia
250 _a5a ed.
260 _aMadrid :
_bParaninfo,
_c1994.
300 _a527 p. :
_bilus.
590 _aBATCH-UPD
_b10
_c20130110
_lUCH01
_h0410
590 _aBATCH-UPD
_b10
_c20130410
_lUCH01
_h0045
590 _aBATCH-UPD
_b10
_c20130914
_lUCH01
_h1539
590 _aCONVERSION
_b10
_c20130109
_lUCH01
_h1345
650 1 4 _aGeología.
_947604
700 0 _aMeléndez Hevia, Fernando.
_974411
901 _aBK
905 _aPatricia Mendoza P.
942 _cLIBRO
949 _a550 M45 1994
_bBC
_cLIBRO
_d33724000790986
_eLIBRO
_h83852
_i93457
_mSustituye a c.1 Scanvic, Jean-Yves TeledetecciØn aplicada
_si
999 _c81978
_d81978